Porovnanie exekučnej efektívnosti ukazovateľového a neukazovateľového usporiadavania štruktúrovaných dát v C++ programe diplomová práca

Na minha lista:
Detalhes bibliográficos
Autor principal: Blaho, Viktor
Autor Corporativo: Fakulta hospodárskej informatiky EU. Katedra aplikovanej informatiky
Outros Autores: Košťál, Igor, 1962-
Formato: Livro
Idioma:eslovaco
Publicado em: Bratislava 2023
Tags: Adicionar Tag
Sem tags, seja o primeiro a adicionar uma tag!

MARC

LEADER 00000nbm a2200000 4500
001 0294077
005 20240202091251.1
041 0 |a slo 
044 |a SK 
245 1 0 |a Porovnanie exekučnej efektívnosti ukazovateľového a neukazovateľového usporiadavania štruktúrovaných dát v C++ programe  |b diplomová práca  |c Viktor Blaho ; školiteľ: Igor Košťál 
264 1 |a Bratislava  |c 2023 
300 |a 58 s. 
100 1 |a Blaho, Viktor 
700 1 |a Košťál, Igor, 1962- 
710 2 |a Fakulta hospodárskej informatiky EU. Katedra aplikovanej informatiky